Multiple Choice Question : (Record no. 595207)
[ view plain ]
| 000 -LEADER | |
|---|---|
| fixed length control field | 00635nam a22001457a 4500 |
| 040 ## - CATALOGING SOURCE | |
| Transcribing agency | 0 |
| 082 ## - DEWEY DECIMAL CLASSIFICATION NUMBER | |
| Classification number | 153.9420,MUT |
| 245 ## - TITLE STATEMENT | |
| Title | Multiple Choice Question : |
| Remainder of title | For Entry Test / |
| Statement of responsibility, etc. | Editor : Kifayat Ullah |
| 250 ## - EDITION STATEMENT | |
| Edition statement | 4th Edition |
| 260 ## - PUBLICATION, DISTRIBUTION, ETC. | |
| Place of publication, distribution, etc. | Islamic Coaching Academy |
| Name of publisher, distributor, etc. | Peshawar |
| Date of publication, distribution, etc. | 2008 |
| 300 ## - PHYSICAL DESCRIPTION | |
| Extent | 308 p |
| 505 ## - FORMATTED CONTENTS NOTE | |
| Formatted contents note | Physics Part.I (Page-1), Physics Part.II (Page-38), Chemistry Part.I (Page-71), Chemistry Part.II (Page-109), Mathematics Part.I (Page-141), Mathematics Part.II (Page-168), Biology Part.I (Page-204), Biology Part.II (Page-242), English (Page-285). |
| 650 ## - SUBJECT ADDED ENTRY--TOPICAL TERM | |
| Topical term or geographic name entry element | Multiple Choice Question |
| 9 (RLIN) | 113534 |
| 942 ## - ADDED ENTRY ELEMENTS (KOHA) | |
| Source of classification or shelving scheme | |
| Koha item type | Book |
| Withdrawn status | Lost status | Source of classification or shelving scheme | Damaged status | Not for loan | Permanent Location | Current Location | Shelving location | Date acquired | Full call number | Barcode | Date last seen | Price effective from | Koha item type | Public note |
|---|---|---|---|---|---|---|---|---|---|---|---|---|---|---|
| Military College of Signals (MCS) | Military College of Signals (MCS) | General Stacks | 07/11/2023 | 153.9420,MUT | MCS38740 | 07/11/2023 | 07/11/2023 | Book | Almirah No.46, Shelf No.4 |
